Scottish Property Bulletin (Record no. 119190)
[ view plain ]
| 000 -LEADER | |
|---|---|
| fixed length control field | 00612cas a22001935 4500 |
| 001 - CONTROL NUMBER | |
| control field | E144506 |
| 008 - FIXED-LENGTH DATA ELEMENTS--GENERAL INFORMATION | |
| fixed length control field | 080723c2000 xxktr p 0 a0eng u |
| 035 ## - SYSTEM CONTROL NUMBER | |
| System control number | (Sirsi) u144506 |
| 041 0# - LANGUAGE CODE | |
| Language code of text/sound track or separate title | eng |
| 110 2# - MAIN ENTRY--CORPORATE NAME | |
| Corporate name or jurisdiction name as entry element | Scottish Property Network |
| 9 (RLIN) | 3513 |
| 245 00 - TITLE STATEMENT | |
| Title | Scottish Property Bulletin |
| 260 ## - PUBLICATION, DISTRIBUTION, ETC. | |
| Place of publication, distribution, etc. | [Glasgow] |
| Name of publisher, distributor, etc. | Scottish Property Network |
| Date of publication, distribution, etc. | 2000- |
| 362 0# - DATES OF PUBLICATION AND/OR SEQUENTIAL DESIGNATION | |
| Dates of publication and/or sequential designation | (1) December 2000-(12) February 2004 |
| 554 ## - | |
| -- | Three per year |
| 651 #4 - SUBJECT ADDED ENTRY--GEOGRAPHIC NAME | |
| Geographic name | Scotland |
| Chronological subdivision | 1999- |
| 690 ## - LOCAL SUBJECT ADDED ENTRY--TOPICAL TERM (OCLC, RLIN) | |
| Topical term or geographic name as entry element | PROPERTY-COMMERCIAL PROPERTY-COMMERCIAL PROPERTY MARKET |
| 710 2# - ADDED ENTRY--CORPORATE NAME | |
| Corporate name or jurisdiction name as entry element | Royal Institution of Chartered Surveyors |
| Subordinate unit | Scotland |
| 9 (RLIN) | 3082 |
| 942 ## - ADDED ENTRY ELEMENTS (KOHA) | |
| Suppress in OPAC | 0 |
| Withdrawn status | Lost status | Source of classification or shelving scheme | Damaged status | Not for loan | Home library | Current library | Shelving location | Date acquired | Total Checkouts | Full call number | Barcode | Date last seen | Price effective from | Koha item type |
|---|---|---|---|---|---|---|---|---|---|---|---|---|---|---|
| Dewey Decimal Classification | London | London | Gallery | 08/06/2009 | RICS SCOTTISH PROPERTY BULLETIN | 144506-3001 | 06/08/2019 | 06/08/2019 | Journal |